| 000 | 00474cam a2200181ua 4500 | ||
|---|---|---|---|
| 003 | OSt | ||
| 008 | 250802b |||||||| |||| 00| 0 eng d | ||
| 041 | _aeng | ||
| 082 |
_a625.794 _bMAT/TR |
||
| 100 |
_aMatson, Theodore.M . _97666 |
||
| 245 | _aTraffic engineering / | ||
| 250 | _a1 / | ||
| 260 |
_a : _bMcGraw-Hill International Book Company , _c1955. |
||
| 300 | _a647 ; . | ||
| 700 | 1 |
_aHurd, Frederick.W . _97667 |
|
| 700 | 1 |
_aSmith, Wilbur.S . _97668 |
|
| 942 | _cBK | ||
| 999 |
_c1582 _d1582 |
||